Experimental physical chemistry / (Record no. 11942)

MARC details
000 -LEADER
fixed length control field 00888cam a22002531i 4500
001 - CONTROL NUMBER
control field 278317
003 - CONTROL NUMBER IDENTIFIER
control field EG-ScBUE
005 - DATE AND TIME OF LATEST TRANSACTION
control field 20250727094422.0
008 - FIXED-LENGTH DATA ELEMENTS--GENERAL INFORMATION
fixed length control field 730726s1962 nyua f 001 0 eng
040 ## - CATALOGING SOURCE
Original cataloging agency EG-ScBUE
Language of cataloging eng
Description conventions rda
Transcribing agency EG-ScBUE
Modifying agency EG-ScBUE
082 04 - DEWEY DECIMAL CLASSIFICATION NUMBER
Classification number 541.072
Edition number 22
Item number EXP
245 00 - TITLE STATEMENT
Title Experimental physical chemistry /
Statement of responsibility, etc Farrington Daniels, professor emeritus of chemistry, [and four others]
250 ## - EDITION STATEMENT
Edition statement Sixth edition.
264 #1 - PUBLICATION, DISTRIBUTION, ETC. (IMPRINT)
Place of publication, distribution, etc New York :
Name of publisher, distributor, etc McGraw-Hill Book Company, INC.,
Date of publication, distribution, etc 1962.
300 ## - PHYSICAL DESCRIPTION
Extent xv, 625 pages :
Other physical details illustrations ;
Dimensions 24 cm
336 ## - CONTENT TYPE
Source rdacontent
Content type term text
Content type code txt
337 ## - MEDIA TYPE
Media type term unmediated
Source rdamedia
Media type code n
338 ## - CARRIER TYPE
Carrier type term volume
Carrier type code nc
Source rdacarrier
500 ## - GENERAL NOTE
General note Includes index.
650 #7 - SUBJECT ADDED ENTRY--TOPICAL TERM
Topical term or geographic name as entry element Chemistry, Physical and theoretical
General subdivision Laboratory manuals.
9 (RLIN) 6621
Source of heading or term BUEsh
655 ## - INDEX TERM--GENRE/FORM
Form subdivision Reading book
700 1# - ADDED ENTRY--PERSONAL NAME
Personal name Daniels, Farrington,
Dates associated with a name 1889-1972,
Relator term author.
942 ## - ADDED ENTRY ELEMENTS (KOHA)
Source of classification or shelving scheme Dewey Decimal Classification
Koha item type Book - Borrowing
Holdings
Withdrawn status Lost status Source of classification or shelving scheme Damaged status Not for loan Collection code Home library Current library Shelving location Date acquired Source of acquisition Cost, normal purchase price Total Checkouts Full call number Barcode Date last seen Koha item type
    Dewey Decimal Classification     Alef-Baa Central Library Central Library First floor 22/06/2009 Purchase 150.00   541.072 EXP 000017048 15/07/2025 Book - Borrowing